00619nam a2200169Ia 4500008004100000100002200041245013700063245002200200260005900222260000900281300000800290650001800298650001500316856002600331999001900357952007300376170221s9999 xx 000 0 und d aLevi Zeleza Manda aWhat Makes Radio Listening Clubs as a Participatory Communication for Development Platform Work? A Case Study of Monkey Bay, Malawi  cLevi Zeleza Manda bOnline Journal of Communication and Media Technologies c2012 a3 : xCommunication xMedia Arts uhttp://www.ojcmt.net/ c309043d309043 001040aCLbCLd2017-02-21l0r2017-02-21 00:00:00w2017-02-21yFOJ